Vzdelávanie zamestnancov v kontexte Industry 4.0 diplomová práca

Gespeichert in:
Bibliographische Detailangaben
1. Verfasser: Kišová, Andrea
Körperschaft: Podnikovohospodárska fakulta EU so sídlom v Košiciach. Katedra manažmentu
Weitere Verfasser: Olexová, Cecília, 1976-
Format: Buch
Sprache:Slowakisch
Veröffentlicht: Košice 2022
Tags: Tag hinzufügen
Keine Tags, Fügen Sie das erste Tag hinzu!

MARC

LEADER 00000nbm a2200000 4500
001 0284771
005 20230502144934.7
041 0 |a slo 
044 |a SK 
245 1 0 |a Vzdelávanie zamestnancov v kontexte Industry 4.0  |b diplomová práca  |c Andrea Kišová ; školiteľ: Cecília Olexová 
264 1 |a Košice  |c 2022 
300 |a 79 s. 
100 1 |a Kišová, Andrea 
700 1 |a Olexová, Cecília, 1976- 
710 2 |a Podnikovohospodárska fakulta EU so sídlom v Košiciach. Katedra manažmentu